| 000 | 00364 a2200157 4500 | ||
|---|---|---|---|
| 001 | 10891 | ||
| 020 | _a9788572085342 | ||
| 040 | _cAnchieta - Aquarius | ||
| 100 | _aLima, Consuelo | ||
| 240 | 1 | 0 |
_aA raposa e as uvas envenenadas _lpor |
| 245 | 1 | 0 | _aA raposa e as uvas envenenadas |
| 300 | _a23 | ||
| 362 | 0 | _a2008 | |
| 650 | 4 | _aLiteratura infantil | |
| 942 | _cBK | ||
| 999 |
_c10891 _d10891 |
||